Gopalakrishnan Law of Wills/ (Record no. 216024)

MARC details
000 -LEADER
fixed length control field 00601nam a22001937a 4500
005 - DATE AND TIME OF LATEST TRANSACTION
control field 20260428144733.0
010 ## - LCCN (DPL NO)
LC control number ENG-148345
020 ## - INTERNATIONAL STANDARD BOOK NUMBER
International Standard Book Number 9789349015586
Terms of availability 3995.00
035 ## - SYSTEM CONTROL NUMBER
System control number EN-131877
037 ## - SOURCE OF ACQUISITION
Source of stock number/acquisition DBAD
082 ## - DEWEY DECIMAL CLASSIFICATION NUMBER
Classification number 346.054
Edition number 12
100 ## - MAIN ENTRY--PERSONAL NAME
Personal name Sarvaria, S K
245 ## - TITLE STATEMENT
Title Gopalakrishnan Law of Wills/
Statement of responsibility, etc Apoorv Sarvaria [and] S K Sarvaria
250 ## - EDITION STATEMENT
Edition statement 12
260 ## - PUBLICATION, DISTRIBUTION, ETC. (IMPRINT)
Place of publication, distribution, etc Gurgaon
Name of publisher, distributor, etc Lexis Nexis
Date of publication, distribution, etc 2026
270 ## - ADDRESS
Address 14th floor building no 10, tower-B, DLF cyber city, phase-II
City Gurgaon
Postal code 122002
300 ## - PHYSICAL DESCRIPTION
Extent clxxxviii,1612p.
Dimensions 25cm(hb)
942 ## - ADDED ENTRY ELEMENTS (KOHA)
Source of classification or shelving scheme Dewey Decimal Classification
Item type English Books
Classification part 346.054
Call number suffix SAR
Edition 12
Holdings
Withdrawn status Lost status Not for loan Collection code Home library Current library Date acquired Source of acquisition Cost, normal purchase price Full call number Barcode Copy number Cost, replacement price Koha item type
    Not For Loan Reference Sarojini Nagar Sarojini Nagar 28/04/2026 Delivery of Books Act Division 3995.00 346.054 SAR EN-131877 1 3995.00 English Books

© Delhi Public Library
Hit Counter
free hit counter